Normal view
MARC view
- Izatt, John O
Entry Personal Name
001 - CONTROL NUMBER
- control field: 43962
003 - CONTROL NUMBER IDENTIFIER
- control field: NUST
005 - DATE AND TIME OF LATEST TRANSACTION
- control field: 20210314132836.0
008 - FIXED-LENGTH DATA ELEMENTS
- fixed length control field: 210314|| aca||aabn | a|a d
040 ## - CATALOGING SOURCE
- Original cataloging agency: NUST
- Transcribing agency: NUST
100 ## - HEADING--PERSONAL NAME
- Personal name: Izatt, John O
670 ## - SOURCE DATA FOUND
- Source citation: Work cat.: (NUST): Izatt, John O, Sand-Asphalt-Sulphur Pavement Field Trial Highway U.S. 77, Kenedy County, Taxas A consturction Report/, 1977.
